Spreadsheet tools for engineers using Excel 2007 / (Record no. 17744)

MARC details
000 -LEADER
fixed length control field 00931cam a22002774a 4500
001 - CONTROL NUMBER
control field 15504567
005 - DATE AND TIME OF LATEST TRANSACTION
control field 20131111111252.0
007 - PHYSICAL DESCRIPTION FIXED FIELD--GENERAL INFORMATION
fixed length control field ta
008 - FIXED-LENGTH DATA ELEMENTS--GENERAL INFORMATION
fixed length control field 081030s2009 maua r 001 0 eng
010 ## - LIBRARY OF CONGRESS CONTROL NUMBER
LC control number 2008046724
020 ## - INTERNATIONAL STANDARD BOOK NUMBER
International Standard Book Number 0073385867 (hard copy : alk. paper)
020 ## - INTERNATIONAL STANDARD BOOK NUMBER
International Standard Book Number 9780073385860 (hard copy : alk. paper)
050 00 - LIBRARY OF CONGRESS CALL NUMBER
Classification number TA345
Item number .G6832 2009
082 00 - DEWEY DECIMAL CLASSIFICATION NUMBER
Classification number 620.00285536
Edition number 22
Item number GOT
100 1# - MAIN ENTRY--PERSONAL NAME
Personal name Gottfried, Byron S.,
Dates associated with a name 1934-
9 (RLIN) 34410
245 10 - TITLE STATEMENT
Title Spreadsheet tools for engineers using Excel 2007 /
Statement of responsibility, etc Byron S. Gottfried.
260 ## - PUBLICATION, DISTRIBUTION, ETC. (IMPRINT)
Place of publication, distribution, etc Boston :
Name of publisher, distributor, etc McGraw-Hill,
Date of publication, distribution, etc 2010
300 ## - PHYSICAL DESCRIPTION
Extent x, 511 p. :
Other physical details ill. ;
Dimensions 23 cm.
490 ## - Series Statement
-- 5314
Series statement McGraw-Hill's BEST--basic engineering series and tools
500 ## - GENERAL NOTE
General note Includes index.
630 00 - SUBJECT ADDED ENTRY--UNIFORM TITLE
Uniform title Microsoft Excel (Computer file)
9 (RLIN) 34411
650 #0 - SUBJECT ADDED ENTRY--TOPICAL TERM
Topical term or geographic name as entry element Engineering
General subdivision Data processing.
9 (RLIN) 34412
650 #0 - SUBJECT ADDED ENTRY--TOPICAL TERM
Topical term or geographic name as entry element Electronic spreadsheets.
9 (RLIN) 34413
653 ## - INDEX TERM--UNCONTROLLED
Resource For college
Arrived date list November2013
942 ## - ADDED ENTRY ELEMENTS (KOHA)
Source of classification or shelving scheme Dewey Decimal Classification
Item type Book - Borrowing
Holdings
Withdrawn status Item status Source of classification or shelving scheme Damaged status Not for loan Vendor Home library Current library Shelving location Date acquired Source of acquisition Total Checkouts Total Renewals Full call number Barcode Date last seen Date last borrowed Koha item type
    Dewey Decimal Classification     Baccah Central Library Central Library First floor 11/11/2013   3 12 620.00285563 GOT 000029611 15/07/2025 02/08/2018 Book - Borrowing